1404 1361 1149 1153 1418 1491 1937 1818 1405 1426 1088 1794 1855 1315 1395 1319 1188 1431 1688 1463 1671 1783 1275 1072 1074 1589 1437 1564 1231 1432 1836 1425 1431 1363 1441 1225 1781 1718 1607 1737 1290 1846 1709 1018 1288 1566 1201 1148 1848 1752 1337 1399 1985 1174 1909 1273 1237 1925 1528 1885 1393 1940 1442 1226 1600 1578 1955 1054 1094 1531 1139 1200 1923 1322 1068 1267 1658 1055 1295 1389 1260 1832 1944 1153 1114 1040 1489 1631 1366 1863 1159 1895 1336 1917 1232 1527 1273 1707 1243 BCNSPRNW ULIB Ver.6.0+V

เปลี่ยนเป็นภาษาไทย

Change to English
 แสดงรายละเอียดบรรณานุกรม
  กลับหน้าหลัก

Brief Record : Get Marc (ISO 2709) : E-mail record : QR code < ปิดหน้าต่าง
LEADER : 00000nam 2200000uu 4500
001    13399111319
003     ULIB
008    110622s2551||||th 000 0 tha d
020    9789740435921
060 04 QU145^bว436ก 2551
100 0  วันวิสา พยัคฆ์สกุล
245 10 กินอยู่อย่างไรให้สุขภาพดี /^cเรียบเรียงโดย วันวิสาพยัคฆ์สกุล ; บรรณาธิการ ชลาลัย ศรีอารีย์
250    พิมพ์ครั้งที่ 1
260    กรุงเทพฯ :^bครีเอทบุ๊คส์,^c2551
300    159 หน้า ;^c21 ซม.
650  7 โภชนาการ
650  7 การดูแลสุขภาพด้วยตนเอง
700 0  ชลาลัย ศรีอารีย์,^eบรรณาธิการ
945    ^p125^l0^i18099
995    กัณชพร
999    ^aใช้งานได้ทุกระบบ
รายการนี้ยังไม่มีแท็ก
คุณยังไม่ได้ล็อกอิน คุณสามารถมีกิจกรรมร่วมกับเว็บไซต์ได้ แต่ต้องล็อกอินก่อน ::
  ล็อกอิน

รายการสื่อสารสนเทศ

ลำดับที่ ประเภท เลขเรียก/บาร์โค้ด สถานที่ สถานะ
1. วิทยาศาสตร์การแพทย์ และสุขภาพ
วิทยาศาสตร์การแพทย์ และสุขภาพ
QU145 ว436ก 2551  
  Barcode: 18099
ห้องสมุดวิทยาเขตสวรรค์ประชารักษ์
►ส่วนจัดเก็บหนังสือเก่า สปร
บนชั้น
  ขอยืม

รายการใกล้เคียง
    ผู้แต่ง [วันวิสา พยัคฆ์สกุล]

    หัวเรื่อง [โภชนาการ]
    หัวเรื่อง [การดูแลสุขภาพด้วยตนเอง]

BibComment


ยังไม่เคยถูกคอมเมนท์

คอมเมนท์ทรัพยากรรายการนี้
  คอมเมนท์: กินอยู่อย่างไรให้..


 Copyright 2026. Bcnsprnw @Library